000 00715nam a2200253Ia 4500
003 OSt
005 20221005101831.0
006 a|||||r|||| 00| 0
007 ta
008 221004b |||||||| |||| 00| 0 eng d
024 _a47673
037 _cTextual
040 _aCRL
_cCRL
_beng
041 _2eng
_aeng
082 _aT13:3.58, M3
100 _aZverev I D
_9622672
245 0 _aTeaching methods in the Soviet school
260 _aUnesco
_bUnesco education scientific and cultural organ.
_c1983
300 _a116p
_ccm.
490 _a(International bureau of educational sciences
650 _aEDUCATION
942 _hT13:3.58, M3
_cTEXL
_2cc
999 _c1007479
_d1007479